[Event "Serbia Championship 2006"]
[Site "Vrnjacka Banja"]
[Date "2006.02.02"]
[Round "5"]
[White "Tosic, Miroslav"]
[Black "Abramovic, Bosko"]
[Result "1/2-1/2"]
[WhiteElo "2434"]
[BlackElo "2507"]
[PlyCount "23"]
[EventDate "2006.??.??"]

1. e4 e5 2. Nf3 Nc6 3. Bb5 Nf6 4. O-O Nxe4 5. d4 Nd6 6. Bxc6 dxc6 7. dxe5 Nf5
8. Qxd8+ Kxd8 9. Nc3 h6 10. b3 Ne7 11. Bb2 Bg4 12. Nd2 1/2-1/2

[Event "Serbia Championship 2006"]
[Site "Vrnjacka Banja"]
[Date "2006.02.02"]
[Round "5"]
[White "Tadic, Branko"]
[Black "Lajthajm, Borko"]
[Result "1/2-1/2"]
[WhiteElo "2491"]
[BlackElo "2464"]
[PlyCount "76"]
[EventDate "2006.??.??"]

1. Nf3 Nf6 2. c4 e6 3. g3 b6 4. Bg2 Bb7 5. O-O c5 6. Nc3 Be7 7. Re1 O-O 8. e4
d6 9. d4 cxd4 10. Nxd4 Qc8 11. Be3 Nc6 12. b3 Rd8 13. Rc1 Qd7 14. Qe2 Nxd4 15.
Bxd4 Bc6 16. Nd5 e5 17. Bb2 Rab8 18. f4 Re8 19. Rcd1 Bxd5 20. cxd5 b5 21. fxe5
dxe5 22. Bxe5 Bc5+ 23. Bd4 Bxd4+ 24. Rxd4 Re5 25. Rc1 Ne8 26. d6 Rd8 27. Qd2 g6
28. Rc7 Qe6 29. Rxa7 Rxd6 30. Rxd6 Qxd6 31. Qxd6 Nxd6 32. Kf2 Nxe4+ 33. Bxe4
Rxe4 34. Ra5 b4 35. Ra4 f5 36. Ra7 h5 37. Kf3 h4 38. Rc7 hxg3 1/2-1/2

[Event "Serbia Championship 2006"]
[Site "Vrnjacka Banja"]
[Date "2006.02.02"]
[Round "5"]
[White "Savic, Miodrag R"]
[Black "Marinkovic, Slavisa"]
[Result "1/2-1/2"]
[WhiteElo "2517"]
[BlackElo "2403"]
[PlyCount "48"]
[EventDate "2006.??.??"]

1. e4 e6 2. d4 d5 3. e5 c5 4. c3 Nc6 5. Nf3 Bd7 6. Be2 Nge7 7. O-O Ng6 8. Bd3
Be7 9. Be2 Bf8 10. Be3 Be7 11. Bd3 cxd4 12. cxd4 Qb6 13. Nc3 O-O 14. h4 f5 15.
h5 Nh8 16. a3 Rac8 17. Na4 Qd8 18. Rc1 f4 19. Bd2 Be8 20. Qc2 Bxh5 21. Bxh7+
Kf7 22. Bxf4 Nxd4 23. Qd3 Nxf3+ 24. gxf3 Qd7 1/2-1/2

[Event "Serbia Championship 2006"]
[Site "Vrnjacka Banja"]
[Date "2006.02.02"]
[Round "5"]
[White "Pap, Misa"]
[Black "Milanovic, Danilo"]
[Result "1/2-1/2"]
[WhiteElo "2402"]
[BlackElo "2486"]
[PlyCount "148"]
[EventDate "2006.??.??"]

1. e4 c5 2. Nf3 e6 3. c3 Nf6 4. e5 Nd5 5. d4 cxd4 6. cxd4 d6 7. Bc4 Nb6 8. Bd3
dxe5 9. dxe5 Na6 10. O-O Nc5 11. Bc2 Qxd1 12. Rxd1 Bd7 13. Nc3 Rc8 14. Nd4 Be7
15. Ndb5 a6 16. Nd6+ Bxd6 17. exd6 Bc6 18. Be3 Ncd7 19. Bb3 O-O 20. Rd4 Rcd8
21. Rad1 Nf6 22. Bg5 Rd7 23. Bxf6 gxf6 24. R1d3 Kh8 25. Ne4 Bxe4 26. Rxe4 Rfd8
27. Red4 Nc8 28. f4 Rxd6 29. Rxd6 Nxd6 30. Rc3 f5 31. Rc7 Kg8 32. g3 Kf8 33. a4
Rc8 34. Rxc8+ Nxc8 35. Kf2 Ke7 36. Kf3 Na7 37. g4 Nc6 38. Bd1 fxg4+ 39. Kxg4
Kf6 40. Bf3 a5 41. Be4 h6 42. Kh5 Kg7 43. Bg2 Nd8 44. Be4 Nc6 45. f5 exf5 46.
Bxf5 Ne5 47. Be4 b6 48. b3 Nd7 49. Bd3 Nf6+ 50. Kh4 Kf8 51. Kg3 Ke7 52. Kf4 Nd7
53. Kf5 Nf6 54. Bc4 Nd7 55. Be2 Nc5 56. Bc4 Nd7 57. Be2 Nf6 58. Bc4 Nh5 59. Ke5
Nf6 60. Kf5 Ne8 61. Ke5 Nd6 62. Bf1 f6+ 63. Kd5 Kd7 64. Bh3+ Kc7 65. Ke6 Ne4
66. Kf5 Nc5 67. Kxf6 Nxb3 68. Bf1 Nc5 69. Bb5 Ne4+ 70. Kg6 Nc3 71. Be8 Kd8 72.
Bc6 Kc7 73. Be8 Kd8 74. Bc6 Kc7 1/2-1/2

[Event "Serbia Championship 2006"]
[Site "Vrnjacka Banja"]
[Date "2006.02.02"]
[Round "5"]
[White "Vratonjic, Slobo"]
[Black "Misailovic, Nebojsa"]
[Result "1/2-1/2"]
[WhiteElo "2473"]
[BlackElo "2342"]
[PlyCount "35"]
[EventDate "2006.??.??"]

1. e4 c5 2. Nf3 d6 3. c3 Nf6 4. Be2 Nbd7 5. Qc2 Qc7 6. O-O b6 7. c4 e6 8. d4
cxd4 9. Nxd4 Bb7 10. Nc3 a6 11. Be3 Be7 12. f3 O-O 13. Rfc1 Rfe8 14. Qd2 Rad8
15. Bf1 Qb8 16. Bf2 Qa8 17. Rab1 Bf8 18. Qe3 1/2-1/2

[Event "Serbia Championship 2006"]
[Site "Vrnjacka Banja"]
[Date "2006.02.02"]
[Round "5"]
[White "Arsovic, Goran"]
[Black "Kojovic, Dragan"]
[Result "1-0"]
[WhiteElo "2450"]
[BlackElo "2341"]
[PlyCount "80"]
[EventDate "2006.??.??"]

1. d4 Nf6 2. Nf3 e6 3. c4 d5 4. Bg5 Be7 5. Nc3 h6 6. Bxf6 Bxf6 7. e3 O-O 8. Qb3
c6 9. Be2 Nd7 10. O-O Qe7 11. Rfd1 a6 12. Rac1 b5 13. cxd5 cxd5 14. a3 Rb8 15.
Na2 Qd6 16. Nb4 Bb7 17. Nd3 Rfc8 18. Qa2 Rxc1 19. Rxc1 Rc8 20. Rxc8+ Bxc8 21.
b4 Nb6 22. Nc5 e5 23. dxe5 Bxe5 24. a4 bxa4 25. Nxa4 Nxa4 26. Qxa4 Bc3 27. Qe8+
Qf8 28. Qc6 Bxb4 29. Bxa6 Bxa6 30. Qxa6 Qc5 31. Qa8+ Kh7 32. g3 Bc3 33. Qe8 Qc7
34. Qb5 Qc4 35. Qd7 Kg6 36. Nh4+ Kf6 37. Qd6+ Kg5 38. Qe7+ Bf6 39. f4+ Kg4 40.
Qd7+ Kh5 1-0

[Event "Serbia Championship 2006"]
[Site "Vrnjacka Banja"]
[Date "2006.02.02"]
[Round "5"]
[White "Zlatic, Mihajlo"]
[Black "Pantovic, Dragan M"]
[Result "1-0"]
[WhiteElo "2417"]
[BlackElo "2129"]
[PlyCount "79"]
[EventDate "2006.??.??"]

1. e4 g6 2. d4 Bg7 3. Nc3 d6 4. f4 Nf6 5. Nf3 c5 6. Bb5+ Bd7 7. e5 Ng4 8. Bxd7+
Qxd7 9. d5 dxe5 10. h3 e4 11. Nxe4 Nf6 12. Ne5 Qd8 13. Nxf6+ Bxf6 14. O-O Nd7
15. Ng4 Bg7 16. f5 Nf6 17. Ne3 O-O 18. Qf3 Qd6 19. Rd1 b5 20. Bd2 Nd7 21. c3
Ne5 22. Qe4 c4 23. Rab1 Nd3 24. b3 Nc5 25. Qf3 cxb3 26. axb3 a5 27. b4 axb4 28.
Rxb4 Na4 29. Ng4 Qc5+ 30. Be3 Qxc3 31. Rxb5 Qc2 32. Rf1 Nc3 33. Rb7 Qxf5 34.
Qxf5 gxf5 35. Rxf5 e6 36. dxe6 f6 37. Bh6 Bxh6 38. Nxh6+ Kh8 39. e7 Rfe8 40.
Nf7+ 1-0

[Event "Serbia Championship 2006"]
[Site "Vrnjacka Banja"]
[Date "2006.02.02"]
[Round "5"]
[White "Jovanovic, Zoran"]
[Black "Stupavski, Zdenko"]
[Result "1-0"]
[WhiteElo "2291"]
[BlackElo "2409"]
[PlyCount "171"]
[EventDate "2006.??.??"]

1. d4 Nf6 2. c4 g6 3. Nc3 Bg7 4. e4 d6 5. f3 O-O 6. Nge2 c5 7. d5 e6 8. Ng3
exd5 9. exd5 a6 10. a4 Nbd7 11. Be2 Ne8 12. Be3 f5 13. Qd2 Ne5 14. f4 Nd7 15.
O-O Nc7 16. Ra2 Re8 17. Bf2 Nf6 18. h3 Bd7 19. a5 Rb8 20. Rb1 b6 21. axb6 Rxb6
22. Bd3 Qb8 23. Qc1 Rb4 24. Be1 Rb7 25. Bd2 h5 26. Qc2 Re7 27. Re1 Rxe1+ 28.
Bxe1 Qe8 29. Bd2 Nh7 30. Nf1 Qb8 31. Nh2 Bd4+ 32. Kf1 Qe8 33. Nf3 Bf6 34. Nd1
Qb8 35. Ba5 Ne8 36. Ke2 Kf7 37. g4 hxg4 38. hxg4 Kg8 39. g5 Bg7 40. Kd2 Nf8 41.
Kc1 Nc7 42. Ra3 Ne8 43. Nh4 Kf7 44. Be2 Bc8 45. Rh3 Re7 46. Bd3 Qb7 47. Rh2 Qd7
48. Rh1 Kg8 49. Qh2 Bd4 50. Nf3 Rh7 51. Qg2 Rxh1 52. Qxh1 Bh8 53. Bc2 Qe7 54.
Qe1 Kf7 55. Qxe7+ Kxe7 56. Ba4 Bg7 57. Kd2 Nd7 58. Bc6 Nf8 59. Kc2 Nd7 60. Kb3
Bh8 61. Ka3 Bg7 62. Kb3 Bh8 63. Ka4 Bg7 64. Nh4 Kf7 65. Bd8 Bd4 66. Nf3 Bg7 67.
Ka5 Bh8 68. b3 Ba1 69. Bxd7 Bxd7 70. Kxa6 Bg7 71. Ne3 Bb2 72. Ng2 Bc1 73. Kb7
Bb2 74. Ng1 Bc1 75. Ba5 Bb2 76. Ne2 Bg7 77. Bc3 Bf8 78. Nc1 Be7 79. Nd3 Bf8 80.
Nb2 Be7 81. Na4 Bd8 82. Nh4 Bc7 83. Nb6 Bxb6 84. Kxb6 Bc8 85. Bb2 Bd7 86. Kb7
1-0

[Event "Serbia Championship 2006"]
[Site "Vrnjacka Banja"]
[Date "2006.02.02"]
[Round "5"]
[White "Markovic, Milovan"]
[Black "Arsovic, Zoran"]
[Result "1/2-1/2"]
[WhiteElo "2260"]
[BlackElo "2417"]
[PlyCount "49"]
[EventDate "2006.??.??"]

1. e4 c5 2. Nf3 d6 3. Bc4 Nf6 4. d3 Nc6 5. a3 g6 6. h3 Bg7 7. Nc3 O-O 8. Be3 a6
9. Qd2 b5 10. Ba2 Bb7 11. O-O Rc8 12. Rac1 e6 13. Bg5 Qd7 14. Nh2 Nd4 15. Rce1
Kh8 16. Nd1 Ng8 17. c3 Nc6 18. Ng4 f6 19. Be3 f5 20. Nh2 Rce8 21. f3 Ne5 22.
Nf2 Nf6 23. g4 Re7 24. Bg5 Ree8 25. Be3 1/2-1/2

[Event "Serbia Championship 2006"]
[Site "Vrnjacka Banja"]
[Date "2006.02.02"]
[Round "5"]
[White "Lapcevic, Milos"]
[Black "Marcetic, Nikola"]
[Result "1-0"]
[WhiteElo "2282"]
[BlackElo "2390"]
[PlyCount "165"]
[EventDate "2006.??.??"]

1. d4 d5 2. c4 c6 3. Nf3 Nf6 4. Nc3 dxc4 5. a4 Bf5 6. Ne5 Nbd7 7. Nxc4 Qc7 8.
g3 e5 9. dxe5 Nxe5 10. Bf4 Nfd7 11. Qd4 f6 12. O-O-O Nc5 13. Nd2 Rd8 14. Qe3
Be7 15. Bg2 Qa5 16. Bxe5 fxe5 17. Be4 Nxe4 18. Ndxe4 O-O 19. Rxd8 Rxd8 20. Rd1
Rxd1+ 21. Kxd1 Qb4 22. Kc1 h6 23. Qd3 Qd4 24. Nf6+ Bxf6 25. Qxf5 e4 26. Qe6+
Kf8 27. Qc8+ Kf7 28. Qxb7+ Kg8 29. Qxc6 Qxf2 30. Qe8+ Kh7 31. Qxe4+ Kh8 32.
Qa8+ Kh7 33. Qf3 Qxh2 34. Ne4 Qg1+ 35. Kc2 Bd4 36. Qd3 Kh8 37. a5 Be5 38. Qd5
Bd4 39. Qd8+ Kh7 40. Qd7 Qe3 41. Qf5+ Kh8 42. Qf3 Qg1 43. Qd3 Be5 44. b4 Qa1
45. Kb3 Qc1 46. Qd8+ Kh7 47. Qd3 Kh8 48. Nc5 Qg1 49. Qd8+ Kh7 50. Qd3+ Kh8 51.
Ne4 Qc1 52. g4 Bf4 53. Qd8+ Kh7 54. Qd3 Kh8 55. Nc5 Be5 56. Qd8+ Kh7 57. Qd3+
Kh8 58. a6 Bf4 59. Qd8+ Kh7 60. Qd3+ Kh8 61. Ka4 Qg1 62. Qd8+ Kh7 63. Qd3+ Kh8
64. Qd7 Qa1+ 65. Kb5 Qe5 66. e4 Qb8+ 67. Kc4 Bd6 68. Qb7 Qg8+ 69. Qd5 Qb8 70.
Qb7 Qg8+ 71. Kb5 Qe8+ 72. Qd7 Qb8+ 73. Nb7 Bc7 74. Kc6 Bb6 75. Nd6 Bd4 76. Qc8+
Qxc8+ 77. Nxc8 g6 78. b5 h5 79. gxh5 gxh5 80. e5 Bxe5 81. b6 Bb8 82. bxa7 Bxa7
83. Nxa7 1-0

[Event "Serbia Championship 2006"]
[Site "Vrnjacka Banja"]
[Date "2006.02.02"]
[Round "5"]
[White "Toth, Aleksandar"]
[Black "Djokic, Nebojsa"]
[Result "1/2-1/2"]
[WhiteElo "2302"]
[BlackElo "2253"]
[PlyCount "48"]
[EventDate "2006.??.??"]

1. e4 c5 2. Nf3 Nc6 3. Bb5 g6 4. Bxc6 dxc6 5. d3 Bg7 6. h3 Nf6 7. Nc3 O-O 8.
Be3 Qb6 9. Qc1 Rd8 10. O-O Qa5 11. Bh6 Bh8 12. Qe3 Nd7 13. e5 Nf8 14. Ne4 Ne6
15. c3 Qb5 16. c4 Qxb2 17. Nxc5 Qa3 18. Nxe6 Bxe6 19. Rad1 c5 20. Ng5 Rd7 21.
Nxe6 fxe6 22. Rd2 Bg7 23. Bxg7 Kxg7 24. d4 Qb4 1/2-1/2

[Event "Serbia Championship 2006"]
[Site "Vrnjacka Banja"]
[Date "2006.02.02"]
[Round "5"]
[White "Maksimovic, Miroslav"]
[Black "Nestorovic, Dejan"]
[Result "1/2-1/2"]
[WhiteElo "2212"]
[BlackElo "2399"]
[PlyCount "61"]
[EventDate "2006.??.??"]

1. e4 c5 2. Nf3 a6 3. c3 e6 4. d4 d5 5. exd5 exd5 6. dxc5 Bxc5 7. Be2 Nc6 8.
Nbd2 Nge7 9. O-O Nf5 10. Nb3 Ba7 11. Bf4 O-O 12. Qd2 Be6 13. Rad1 h6 14. Bd3
Qf6 15. Bxf5 Bxf5 16. Be3 Be4 17. Bxa7 Bxf3 18. gxf3 Ne5 19. Qxd5 Nxf3+ 20. Kg2
Nh4+ 21. Kh1 Rxa7 22. Rd3 Raa8 23. Qd4 Qf5 24. Rg1 Ng6 25. Qd5 Qxf2 26. Rxg6
Rad8 27. Qxd8 fxg6 28. Qd5+ Kh7 29. Rd1 Qe2 30. Rg1 Rf2 31. Rg2 1/2-1/2

[Event "Serbia Championship 2006"]
[Site "Vrnjacka Banja"]
[Date "2006.02.02"]
[Round "5"]
[White "Marcetic, Predrag"]
[Black "Mitrovic, Petar"]
[Result "1/2-1/2"]
[WhiteElo "2208"]
[BlackElo "2387"]
[PlyCount "39"]
[EventDate "2006.??.??"]

1. e4 e6 2. d4 d5 3. Nd2 c5 4. exd5 exd5 5. dxc5 Bxc5 6. Nb3 Bb6 7. Nf3 Nc6 8.
Bd3 Nge7 9. O-O O-O 10. c3 Qd6 11. Qc2 h6 12. Nbd4 Bg4 13. Be3 Bxf3 14. Nxf3
Bxe3 15. fxe3 Rac8 16. Qd2 Ne5 17. Nxe5 Qxe5 18. Rf3 Rcd8 19. Raf1 Rd6 20. Bb1
1/2-1/2

[Event "Serbia Championship 2006"]
[Site "Vrnjacka Banja"]
[Date "2006.02.02"]
[Round "5"]
[White "Mrsevic, Miroslav"]
[Black "Nestorovic, Nikola D"]
[Result "1-0"]
[WhiteElo "2202"]
[BlackElo "2361"]
[PlyCount "92"]
[EventDate "2006.??.??"]

1. g3 e5 2. c3 Nf6 3. d4 exd4 4. cxd4 d5 5. Nc3 c6 6. Bg2 Bd6 7. Nh3 O-O 8. O-O
Re8 9. f3 b5 10. a3 Qb6 11. Nf2 c5 12. Bg5 cxd4 13. Bxf6 dxc3 14. Bxc3 Bb7 15.
f4 Na6 16. b4 Nc7 17. Ra2 Rad8 18. Rd2 Be7 19. Qa1 Bf8 20. Bd4 Qa6 21. Be5 Na8
22. Rc1 Nb6 23. Bc7 Rd7 24. Bh3 Rde7 25. Bd6 Rxe2 26. Bxf8 Kxf8 27. Rxe2 Rxe2
28. Rc7 Nc4 29. Qd4 Re1+ 30. Kg2 Kg8 31. Nd3 Re4 32. Qc5 d4 33. Bc8 Rxf4+ 34.
Kg1 Qxa3 35. gxf4 Qa1+ 36. Kf2 Qa2+ 37. Kg3 Qg2+ 38. Kh4 Qxh2+ 39. Bh3 h6 40.
Rxb7 Ne3 41. Rb8+ Kh7 42. Re8 g5+ 43. fxg5 Ng2+ 44. Kg4 h5+ 45. Kf5 Qxh3+ 46.
Kf6 Qxd3 1-0

[Event "Serbia Championship 2006"]
[Site "Vrnjacka Banja"]
[Date "2006.02.02"]
[Round "5"]
[White "Vukanovic, Sasa"]
[Black "Tasic, Zoran"]
[Result "1/2-1/2"]
[WhiteElo "2337"]
[BlackElo "2188"]
[PlyCount "101"]
[EventDate "2006.??.??"]

1. Nf3 b6 2. g3 Bb7 3. Bg2 e6 4. O-O f5 5. d4 Nf6 6. c4 Bd6 7. Nc3 a6 8. d5 O-O
9. Nd4 Qe7 10. Qb3 Kh8 11. dxe6 Bxg2 12. Kxg2 Bc5 13. Nxf5 Qxe6 14. Ne3 Nc6 15.
Ned5 Nd4 16. Qd1 Qc6 17. Be3 Ne6 18. Bxc5 Nxc5 19. Kg1 Nce4 20. Nxe4 Nxe4 21.
Qd4 Rae8 22. Rad1 Nc5 23. Nc3 a5 24. Qg4 Re6 25. Rd5 Rg6 26. Rg5 Rxg5 27. Qxg5
Qe6 28. b3 h6 29. Qd5 Qf6 30. Ne4 Nxe4 31. Qxe4 Rf7 32. e3 d6 33. Kg2 Re7 34.
Qf3 Qe6 35. Rd1 Rf7 36. Qd5 Qf6 37. Rd2 Kh7 38. f4 g5 39. Rd4 g4 40. f5 h5 41.
Rf4 Re7 42. Qd4 Qxd4 43. exd4 Re2+ 44. Rf2 Re4 45. f6 Kg8 46. f7+ Kf8 47. d5
Re1 48. h3 Ra1 49. hxg4 hxg4 50. Kh2 Rb1 51. Kg2 1/2-1/2

[Event "Serbia Championship 2006"]
[Site "Vrnjacka Banja"]
[Date "2006.02.02"]
[Round "5"]
[White "Mirkovic, Stevan"]
[Black "Nikolic, Stanimir"]
[Result "1-0"]
[WhiteElo "2191"]
[BlackElo "2306"]
[PlyCount "95"]
[EventDate "2006.??.??"]

1. Nf3 d5 2. d4 Nf6 3. c4 e6 4. Nc3 Be7 5. Bg5 c6 6. e3 O-O 7. Qc2 Nbd7 8. cxd5
exd5 9. Bd3 Re8 10. O-O h6 11. Bf4 Nh5 12. Nxd5 Nxf4 13. Nxf4 Bd6 14. Ne2 Nf8
15. Ng3 g6 16. Rfe1 Bg4 17. Nd2 h5 18. Nde4 Bc7 19. b4 h4 20. Nf1 h3 21. g3 Nh7
22. Nfd2 Kg7 23. f3 Bc8 24. b5 cxb5 25. Rac1 Re7 26. Bxb5 a6 27. Bf1 Qe8 28.
Qc3 f5 29. Nf2 f4 30. gxf4 Bxf4 31. Nde4 Bc7 32. Bxh3 Qf7 33. Bxc8 Rxc8 34. d5+
Kh6 35. d6 Qxf3 36. dxc7 Rxe4 37. Nxe4 Qxe4 38. Qd4 Qe7 39. Qg4 Qe8 40. Qh4+
Kg7 41. Qd4+ Kh6 42. Rf1 Qe7 43. Rf3 Ng5 44. Rg3 Ne4 45. Rh3+ Kg5 46. Rc4 Qf6
47. Qxe4 Qa1+ 48. Kg2 1-0

[Event "Serbia Championship 2006"]
[Site "Vrnjacka Banja"]
[Date "2006.02.02"]
[Round "5"]
[White "Zivkovic, Momcilo"]
[Black "Mihalj, Miroslav M"]
[Result "1/2-1/2"]
[WhiteElo "2151"]
[BlackElo "2299"]
[PlyCount "67"]
[EventDate "2006.??.??"]

1. e4 c5 2. Nf3 a6 3. d4 cxd4 4. Nxd4 Nf6 5. Bd3 d6 6. c4 e6 7. O-O Be7 8. Nc3
O-O 9. Kh1 Qc7 10. f4 Nbd7 11. Be3 b6 12. Rc1 Re8 13. b4 Bb7 14. g4 e5 15. Nd5
Qd8 16. Nf5 Bf8 17. fxe5 Bxd5 18. exf6 Be6 19. fxg7 Bxg7 20. Nxd6 Ne5 21. Nxe8
Qxe8 22. Be2 Rd8 23. Qe1 Qc6 24. Qf2 Qxe4+ 25. Bf3 Qg6 26. Rcd1 Re8 27. a3 Nxf3
28. Qxf3 Bxc4 29. Rf2 Qe6 30. Bf4 h5 31. gxh5 Be2 32. Rxe2 Qxe2 33. Qxe2 Rxe2
34. Rg1 1/2-1/2

[Event "Serbia Championship 2006"]
[Site "Vrnjacka Banja"]
[Date "2006.02.02"]
[Round "5"]
[White "Vrbljanac, Aleksandar"]
[Black "Dodic, Dragan"]
[Result "1-0"]
[WhiteElo "2270"]
[BlackElo "2177"]
[PlyCount "103"]
[EventDate "2006.??.??"]

1. e4 c6 2. d4 d5 3. e5 Bf5 4. c3 e6 5. Be3 Qb6 6. Qb3 Nd7 7. Nd2 a5 8. a4 Qxb3
9. Nxb3 Nb6 10. Nc5 Bxc5 11. dxc5 Nd7 12. f4 f6 13. O-O-O fxe5 14. fxe5 Ne7 15.
Nf3 Bg4 16. Bd4 Bxf3 17. gxf3 O-O 18. Bh3 Nf5 19. Rhe1 Rab8 20. Bf2 Rf7 21. c4
Nf8 22. cxd5 cxd5 23. Rd3 Ne7 24. Re2 Rf4 25. b3 Nc6 26. Bg3 Rf7 27. f4 Ne7 28.
Rc2 Nc6 29. Re2 g6 30. Rd1 Rc7 31. Be1 Kf7 32. Kb2 Ra8 33. Ka3 Rd8 34. Bh4 Ra8
35. Be1 Rac8 36. Bc3 Rd8 37. Red2 Rcd7 38. Bf1 d4 39. Bb2 Nb4 40. Bd3 Rd5 41.
Be4 Rxc5 42. Bxd4 Rcc8 43. Bb6 Rxd2 44. Rxd2 Nc6 45. Bxc6 Rxc6 46. Bxa5 g5 47.
fxg5 Ng6 48. Rd7+ Ke8 49. Rxb7 Nxe5 50. Rxh7 Rc2 51. h4 Nc6 52. Bb6 1-0

[Event "Serbia Championship 2006"]
[Site "Vrnjacka Banja"]
[Date "2006.02.02"]
[Round "5"]
[White "Bojovic, Dusan"]
[Black "Ristic, Nebojsa"]
[Result "0-1"]
[WhiteElo "2116"]
[BlackElo "2266"]
[PlyCount "72"]
[EventDate "2006.??.??"]

1. e4 d6 2. d4 Nf6 3. Nc3 e5 4. dxe5 dxe5 5. Qxd8+ Kxd8 6. Bg5 Be6 7. O-O-O+
Nbd7 8. Nf3 Bd6 9. Bxf6+ gxf6 10. Nh4 Bc5 11. f3 c6 12. Nf5 b5 13. g4 Kc7 14.
Ne2 Nb6 15. Neg3 a5 16. Kb1 b4 17. b3 a4 18. Bd3 Ra5 19. h4 Rha8 20. Kc1 axb3
21. axb3 Ra2 22. h5 Bf2 23. Nf1 Bxf5 24. gxf5 R8a3 25. Kd2 Rxb3 26. Ke2 Bd4 27.
Nd2 Rbb2 28. Rb1 Rxb1 29. Rxb1 c5 30. Kd1 Ra8 31. Ke2 Rg8 32. Rh1 Rg2+ 33. Kd1
Be3 34. Nf1 Bf4 35. Bb5 c4 36. Rh4 b3 0-1

[Event "Serbia Championship 2006"]
[Site "Vrnjacka Banja"]
[Date "2006.02.02"]
[Round "5"]
[White "Maksimovic, Branimir"]
[Black "Jokic, Miodrag"]
[Result "1-0"]
[WhiteElo "2382"]
[BlackElo "2172"]
[PlyCount "26"]
[EventDate "2006.??.??"]

1. d4 d5 2. c4 e6 3. Nf3 c5 4. cxd5 exd5 5. Nc3 Nc6 6. g3 Nf6 7. Bg2 Be7 8. O-O
O-O 9. Bg5 Be6 10. Rc1 c4 11. Ne5 Rc8 12. Nxc6 Rxc6 13. Bxf6 Bxf6 1-0

[Event "Serbia Championship 2006"]
[Site "Vrnjacka Banja"]
[Date "2006.02.02"]
[Round "5"]
[White "Muratovic, Dzemail"]
[Black "Pantic, Ivica"]
[Result "0-1"]
[WhiteElo "2177"]
[BlackElo "2201"]
[PlyCount "76"]
[EventDate "2006.??.??"]

1. d4 Nf6 2. c4 e6 3. Nf3 b6 4. Nc3 Bb4 5. Bd2 O-O 6. e3 d5 7. cxd5 exd5 8. Be2
c5 9. O-O Nc6 10. Rc1 c4 11. Ne5 Ne7 12. Bf3 Rb8 13. Re1 b5 14. e4 Bxc3 15.
bxc3 dxe4 16. Bxe4 Nxe4 17. Rxe4 Bb7 18. Re1 f6 19. Nf3 Ng6 20. a4 a6 21. axb5
axb5 22. Rb1 Bc6 23. Bc1 Qd5 24. Ra1 Rfe8 25. Rxe8+ Rxe8 26. Be3 Ne7 27. Qd2
Nf5 28. Re1 g5 29. h3 h5 30. Re2 g4 31. hxg4 hxg4 32. Ne1 Nh4 33. Bf4 Ra8 34.
Qe3 Ra1 35. Qe6+ Qxe6 36. Rxe6 Bxg2 37. Kh2 Bd5 38. Re2 Rxe1 0-1